000 00396 a2200133 4500
005 20250627115320.0
020 _a0-8213-5892-8
082 _a346.07 GER
100 _aGERADIN, D.
245 _aCompetition Law and Regional Economics Intergration: An Analysis of the Southern Mediterranean Countries.
260 _aNew York.
_bThe World Bank,
_c2004.
300 _axi,81p.;
_c23cm
942 _2ddc
_cBKS
999 _c5608
_d5608